La comedia es cosa seria

Salvato in:
Dettagli Bibliografici
Autore principale: Sáenz, Andrés
Natura: Libro
Lingua:Undetermined
Pubblicazione: San José, Costa Rica Ministerio de Cultura, Juventud y Deportes 1984
Soggetti:
Tags: Aggiungi Tag
Nessun Tag, puoi essere il primo ad aggiungerne!!

MARC

LEADER 00000nam a2200000Ia 4500
008 170316s9999 xx 000 0 und d
090 |a 792 S-1c 
100 |a Sáenz, Andrés 
245 |a La comedia es cosa seria 
260 |a San José, Costa Rica 
260 |b Ministerio de Cultura, Juventud y Deportes 
260 |c 1984 
300 |a 182 páginas 
650 |a TEATRO 
999 |c 19792  |d 19792 
040 |a cru BVZT 
942 |c 15 D  |h 792 S-1c  |2 z